logo

Bir Sreshtho Munshi Abdur Rouf Library
Jhenaidah Cadet College

বঙ্গবন্ধু ও বঙ্গমাতা / (Record no. 11167)

MARC details
000 -LEADER
fixed length control field 00805nam a2200253 a 4500
001 - CONTROL NUMBER
JCCL Control Number 11167
003 - CONTROL NUMBER IDENTIFIER
JCCL marc code BD-JhCC
005 - DATE AND TIME OF LATEST TRANSACTION
control field 20220804134023.0
008 - FIXED-LENGTH DATA ELEMENTS--GENERAL INFORMATION
fixed length control field 190605b 2016bg a|||| ||a| 000 0 ben d
020 ## - INTERNATIONAL STANDARD BOOK NUMBER
International Standard Book Number 9789845032711
035 ## - SYSTEM CONTROL NUMBER
system control number (BD-JhCC)11167
040 ## - CATALOGING SOURCE
Original cataloging agency BD-JhCC
Modifying agency BD-JhCC
041 ## - LANGUAGE CODE
Language code of Book ben
082 ## - DEWEY DECIMAL CLASSIFICATION NUMBER
Author mark and Year SHA 2016
Classification number 923
100 ## - MAIN ENTRY--PERSONAL NAME
Personal name শামস, শামসুজ্জামান
245 ## - TITLE STATEMENT
Title বঙ্গবন্ধু ও বঙ্গমাতা /
Statement of responsibility, etc শামসুজ্জামান শামস ।
260 ## - PUBLICATION, DISTRIBUTION, ETC. (IMPRINT)
Place of publication, distribution, etc ঢাকা:
Name of publisher, distributor, etc অন্যধারা;
Date of publication, distribution, etc ২০১৬.
300 ## - PHYSICAL DESCRIPTION
Pagination ৯৬ পৃ. :
Other physical details ill;
Dimensions ২২ সেমি.
600 ## - SUBJECT ADDED ENTRY--PERSONAL NAME
Personal name Fazilatunnesa, Sheikh
600 ## - SUBJECT ADDED ENTRY--PERSONAL NAME
Personal name Rahman, Sheikh Mujibur
650 ## - SUBJECT ADDED ENTRY--TOPICAL TERM
Topical term or geographic name as entry element Biography
942 ## - ADDED ENTRY ELEMENTS (KOHA)
Source of classification or shelving scheme Dewey Decimal Classification
Koha item type Books
Koha issues (borrowed), all copies 1
Holdings
Source of classification or shelving scheme Damaged status Not for loan Home library Current library Shelving location Date of accession Cost, normal purchase price Total Checkouts Full call number Barcode Date last seen Date checked out Copy number Koha item type
Dewey Decimal Classification     JCC Rouf Library JCC Rouf Library General Stacks 06/06/2019 105.00 1 923 SHA 2016 14998 08/22/2022 08/04/2022 C-1 Books

JCC Library | Contacts | JCC Home

Last Update on 23 September 2017
Copyright @ 2017-2020 JCC Rouf Library
Rouf Library, Jhenidah Cadet College (JCC), Bangladesh